[Event "IM Marmaris Karia VI 2019"]
[Site "Marmaris"]
[Date "2019.04.25"]
[Round "8.1"]
[White "Simantsev, Mikhail"]
[Black "Suleymanli, Aydin"]
[Result "1/2-1/2"]
[WhiteElo "2395"]
[BlackElo "2334"]
[Annotator "NA"]
[PlyCount "38"]
[EventDate "2019.04.24"]
[EventType "schev"]
[EventCountry "TUR"]
[SourceTitle "playchess.com"]
[Source "ChessBase"]
[SourceQuality "1"]
[TimeControl "5400+30"]

1. d4 {[%emt 0:02:30]} d5 {[%emt 0:00:30]} 2. c4 {[%emt 0:00:30]} c6 {[%emt 0:00:00]} 3. cxd5 {[%emt 0:00:00]} cxd5 {[%emt 0:00:00]} 4. Nc3 {[%emt 0:00:00]} Nf6 {[%emt 0:00:00]} 5. Nf3 {[%emt 0:00:00]} Nc6 {[%emt 0:00:00]} 6. Bf4 {[%emt 0:00:00]} Bf5 {[%emt 0:00:30]} 7. e3 {[%emt 0:00:30]} e6 {[%emt 0:00:00]} 8. Bd3 {[%emt 0:00:00]} Bxd3 {[%emt 0:00:00]} 9. Qxd3 {[%emt 0:00:00]} Bd6 {[%emt 0:00:00]} 10. Bxd6 {[%emt 0:00:00]} Qxd6 {[%emt 0:00:00]} 11. O-O {[%emt 0:00:00]} O-O {[%emt 0:00:00]} 12. Rac1 {[%emt 0:00:00]} Rac8 {[%emt 0:00:00]} 13. h3 {[%emt 0:00:00]} h6 {[%emt 0:00:30]} 14. Rfd1 {[%emt 0:00:30]} Rfd8 {[%emt 0:00:00]} 15. Nb5 {[%emt 0:00:30]} Qe7 {[%emt 0:00:00]} 16. Nc3 {[%emt 0:00:00]} Qd6 {[%emt 0:00:30]} 17. Nb5 {[%emt 0:00:00]} Qe7 {[%emt 0:00:30]} 18. Nc3 {[%emt 0:00:30]} Qd6 {[%emt 0:00:00]} 19. Nb5 {[%emt 0:00:00]} Qe7 {[%emt 0:00:00]} 1/2-1/2

[Event "IM Marmaris Karia VI 2019"]
[Site "Marmaris"]
[Date "2019.04.25"]
[Round "8.2"]
[White "Guseynov, Alihan"]
[Black "Mammadova, Narmin"]
[Result "1/2-1/2"]
[WhiteElo "2340"]
[BlackElo "2292"]
[Annotator "ChessBase"]
[PlyCount "60"]
[EventDate "2019.04.24"]
[EventType "schev"]
[EventCountry "TUR"]
[SourceTitle "playchess.com"]
[Source "ChessBase"]
[SourceQuality "1"]
[TimeControl "5400+30"]

1. d4 {[%emt 0:10:30]} d5 {[%emt 0:00:30]} 2. c4 {[%emt 0:00:30]} c6 {[%emt 0:00:00]} 3. cxd5 {[%emt 0:00:00]} cxd5 {[%emt 0:00:00]} 4. Nf3 {[%emt 0:00:00]} Nc6 {[%emt 0:00:30]} 5. Nc3 {[%emt 0:00:30]} Nf6 {[%emt 0:00:00]} 6. Bf4 {[%emt 0:00:00]} e6 {[%emt 0:01:00]} 7. e3 {[%emt 0:00:00]} Bd6 {[%emt 0:00:30]} 8. Bxd6 {[%emt 0:01:30]} Qxd6 {[%emt 0:00:00]} 9. Bd3 {[%emt 0:00:30]} O-O {[%emt 0:00:00]} 10. O-O {[%emt 0:00:00]} e5 {[%emt 0:01:30]} 11. Nxe5 {[%emt 0:00:00]} Nxe5 {[%emt 0:00:00]} 12. dxe5 {[%emt 0:00:30]} Qxe5 {[%emt 0:00:00]} 13. h3 {[%emt 0:01:30]} Rd8 {[%emt 0:00:30]} 14. Qf3 {[%emt 0:00:30]} Be6 {[%emt 0:03:30]} 15. Rfd1 {[%emt 0:02:30]} Rac8 {[%emt 0:00:30]} 16. Rac1 {[%emt 0:00:30]} h6 {[%emt 0:01:30]} 17. a3 {[%emt 0:00:30]} b6 {[%emt 0:00:30]} 18. Rc2 {[%emt 0:00:30]} d4 {[%emt 0:00:30]} 19. exd4 {[%emt 0:00:30]} Rxd4 {[%emt 0:06:30]} 20. Qe2 {[%emt 0:06:30]} Qxe2 {[%emt 0:01:30]} 21. Nxe2 {[%emt 0:00:30]} Rxc2 {[%emt 0:00:30]} 22. Bxc2 {[%emt 0:00:30]} Rxd1+ {[%emt 0:00:30]} 23. Bxd1 {[%emt 0:00:00]} Kf8 {[%emt 0:00:00]} 24. Nd4 {[%emt 0:01:00]} Bd7 {[%emt 0:00:00]} 25. Kf1 {[%emt 0:00:30]} Ke7 {[%emt 0:00:30]} 26. Bb3 {[%emt 0:00:30]} Ne4 {[%emt 0:00:30]} 27. Ke2 {[%emt 0:00:30]} Nc5 {[%emt 0:00:30]} 28. Bc2 {[%emt 0:00:00]} Ne6 {[%emt 0:00:30]} 29. Nxe6 {[%emt 0:00:00]} Bxe6 {[%emt 0:00:00]} 30. Ke3 {[%emt 0:00:30]} Kd6 {[%emt 0:00:00]} 1/2-1/2

[Event "IM Marmaris Karia VI 2019"]
[Site "Marmaris"]
[Date "2019.04.25"]
[Round "8.3"]
[White "Darban, Morteza"]
[Black "Atakishiyev, Elmar"]
[Result "1/2-1/2"]
[WhiteElo "2307"]
[BlackElo "2114"]
[Annotator "ChessBase"]
[PlyCount "60"]
[EventDate "2019.04.24"]
[EventType "schev"]
[EventCountry "TUR"]
[SourceTitle "playchess.com"]
[Source "ChessBase"]
[SourceQuality "1"]
[TimeControl "5400+30"]

1. Nf3 {[%emt 0:00:30]} d5 {[%emt 0:00:30]} 2. g3 {[%emt 0:00:30]} Nf6 {[%emt 0:00:30]} 3. Bg2 {[%emt 0:00:30]} Bf5 {[%emt 0:00:00]} 4. O-O {[%emt 0:00:30]} e6 {[%emt 0:00:00]} 5. b3 {[%emt 0:00:30]} Be7 {[%emt 0:00:00]} 6. Bb2 {[%emt 0:00:00]} O-O {[%emt 0:00:00]} 7. c4 {[%emt 0:00:00]} c6 {[%emt 0:00:30]} 8. d3 {[%emt 0:00:30]} h6 {[%emt 0:00:00]} 9. Nbd2 {[%emt 0:00:30]} Nbd7 {[%emt 0:00:00]} 10. Rc1 {[%emt 0:00:30]} a5 {[%emt 0:00:00]} 11. a3 {[%emt 0:00:00]} Bh7 {[%emt 0:00:00]} 12. Rc2 {[%emt 0:00:00]} Rc8 {[%emt 0:01:30]} 13. Qa1 {[%emt 0:00:00]} Qb6 {[%emt 0:00:30]} 14. cxd5 {[%emt 0:01:00]} cxd5 {[%emt 0:00:30]} 15. Rxc8 {[%emt 0:00:00]} Rxc8 {[%emt 0:00:00]} 16. Rc1 {[%emt 0:00:00]} Rxc1+ {[%emt 0:00:00]} 17. Qxc1 {[%emt 0:00:00]} Qc5 {[%emt 0:00:30]} 18. Qxc5 {[%emt 0:00:00]} Nxc5 {[%emt 0:00:00]} 19. Ne5 {[%emt 0:00:30]} Nfd7 {[%emt 0:00:00]} 20. Nxd7 {[%emt 0:00:30]} Nxd7 {[%emt 0:00:30]} 21. Kf1 {[%emt 0:00:30]} Kf8 {[%emt 0:00:30]} 22. Ke1 {[%emt 0:00:00]} Bf6 {[%emt 0:00:30]} 23. Bxf6 {[%emt 0:00:00]} Nxf6 {[%emt 0:00:30]} 24. d4 {[%emt 0:00:30]} Bc2 {[%emt 0:00:00]} 25. e3 {[%emt 0:00:00]} Ke7 {[%emt 0:00:00]} 26. Bf3 {[%emt 0:00:00]} Kd6 {[%emt 0:00:30]} 27. h3 {[%emt 0:00:30]} Nd7 {[%emt 0:00:00]} 28. Bd1 {[%emt 0:00:30]} Bd3 {[%emt 0:00:00]} 29. Be2 {[%emt 0:00:00]} Bc2 {[%emt 0:00:30]} 30. Bd1 {[%emt 0:00:00]} Bd3 {[%emt 0:00:00]} 1/2-1/2

[Event "IM Marmaris Karia VI 2019"]
[Site "Marmaris"]
[Date "2019.04.25"]
[Round "8.4"]
[White "Morozov, Nichita"]
[Black "Arda, Cagil Irmak"]
[Result "1/2-1/2"]
[WhiteElo "2398"]
[BlackElo "2070"]
[Annotator "NA"]
[PlyCount "111"]
[EventDate "2019.04.24"]
[EventType "schev"]
[EventCountry "TUR"]
[SourceTitle "playchess.com"]
[Source "ChessBase"]
[SourceQuality "1"]
[TimeControl "5400+30"]

1. d4 {[%emt 0:00:30]} Nf6 {[%emt 0:00:30]} 2. c4 {[%emt 0:00:00]} e6 {[%emt 0:00:00]} 3. g3 {[%emt 0:00:00]} Be7 {[%emt 0:00:00]} 4. Nf3 {[%emt 0:00:00]} b6 {[%emt 0:00:30]} 5. Bg2 {[%emt 0:00:00]} Bb7 {[%emt 0:00:00]} 6. O-O {[%emt 0:00:00]} O-O {[%emt 0:00:00]} 7. d5 {[%emt 0:00:00]} exd5 {[%emt 0:01:30]} 8. Nh4 {[%emt 0:00:30]} Ne4 {[%emt 0:04:30]} 9. cxd5 {[%emt 0:00:30]} Bxh4 {[%emt 0:02:30] E17: Queen's Indian: 4 g3 Bb7 5 Bg2 Be7} 10. Bxe4 {[%emt 0:00:00]} Bf6 {[%emt 0:00:30]} 11. Qc2 {[%emt 0:01:00]} g6 {[%emt 0:00:30]} 12. Bg2 {[%emt 0:00:30]} d6 {[%emt 0:01:30]} 13. Nc3 {[%emt 0:00:30]} Nd7 {[%emt 0:01:30]} (13... Re8 14. Ne4 Bg7 15. Bg5 f6 16. Bd2 Nd7 17. Rac1 {½-½ (53) Donchenko,A (2610)-Khmelniker,I (2492) Douglas 2018}) 14. b3 $146 {[%emt 0:12:30]} ({Predecessor:} 14. Bd2 a5 15. a3 Ba6 16. Rfe1 Re8 17. Rac1 {1-0 (32) Szustakowski,A (2125)-Cirovic,M (1943) Prague 2016}) 14... a5 {[%emt 0:01:30]} 15. Bb2 {[%emt 0:05:30]} Bg7 {[%emt 0:05:30]} 16. a3 {[%emt 0:01:30]} f5 {[%emt 0:01:30]} 17. Nb5 {[%emt 0:02:30]} Bxb2 {[%emt 0:01:30]} 18. Qxb2 {[%emt 0:00:30]} Nf6 {[%emt 0:00:30]} 19. Rac1 {[%emt 0:00:30]} Rc8 {[%emt 0:02:30]} 20. Rfd1 {[%emt 0:00:30]} Qe7 {[%emt 0:03:30]} 21. e3 {[%emt 0:00:30]} Qf7 {[%emt 0:03:30]} 22. Qd4 {[%emt 0:08:30]} Ba6 {[%emt 0:02:30]} 23. Na7 {[%emt 0:02:30]} c5 {[%emt 0:03:30]} 24. dxc6 {[%emt 0:02:30]} Qxa7 {[%emt 0:00:30]} 25. Qxd6 {[%emt 0:00:00]} Qc7 {[%emt 0:02:30]} 26. Qe6+ {[%emt 0:00:00]} Qf7 {[%emt 0:00:30]} 27. Qe5 {[%emt 0:00:30]} Qc7 {[%emt 0:10:30]} 28. Qb2 {[%emt 0:00:30]} Rf7 {[%emt 0:03:30]} 29. b4 {[%emt 0:06:30]} axb4 {[%emt 0:00:30]} 30. axb4 {[%emt 0:00:30]} Bb5 {[%emt 0:00:30]} 31. h4 {[%emt 0:00:30]} Ne4 {[%emt 0:00:30]} 32. Qa2 {[%emt 0:00:30]} Qe7 {[%emt 0:00:30]} 33. Qd5 {[%emt 0:05:30]} Qxb4 {[%emt 0:23:30]} 34. Rb1 {[%emt 0:00:30]} Qc5 {[%emt 0:01:30]} 35. Qxc5 {[%emt 0:04:30]} bxc5 {[%emt 0:00:00]} 36. Rxb5 {[%emt 0:00:30]} Rxc6 {[%emt 0:07:06]} 37. Rc1 {[%emt 0:00:30]} c4 {[%emt 0:01:57]} 38. g4 {[%emt 0:01:30]} Rc8 $14 {[%emt 0:03:18]} 39. Bxe4 {[%emt 0:03:30]} fxe4 {[%emt 0:00:03]} 40. Rc3 {[%emt 0:00:30]} Rd7 {[%emt 0:02:03]} 41. Rb1 {[%emt 0:05:30]} Rd3 {[%emt 0:01:47]} 42. Rc2 {[%emt 0:00:00]} c3 {[%emt 0:01:44]} 43. Kf1 {[%emt 0:01:00]} Rc4 {[%emt 0:02:52]} 44. Ke2 {[%emt 0:05:30]} Rd7 {[%emt 0:00:30]} 45. Rb3 {[%emt 0:00:30]} Rdc7 {[%emt 0:01:04]} 46. Rb6 {[%emt 0:00:30]} Kf7 {[%emt 0:00:26]} 47. h5 {[%emt 0:00:30]} gxh5 {[%emt 0:01:22]} 48. gxh5 {[%emt 0:00:00]} R4c6 {[%emt 0:00:18]} 49. Rb8 {[%emt 0:01:00]} Rc8 {[%emt 0:02:09]} 50. Rb4 {[%emt 0:00:30]} Rc4 {[%emt 0:00:04]} 51. Rb1 {[%emt 0:00:00]} Kg7 {[%emt 0:00:24]} 52. f3 {[%emt 0:07:00]} exf3+ {[%emt 0:00:21]} 53. Kxf3 {[%emt 0:00:30]} Kh6 {[%emt 0:00:05]} 54. Rbc1 {[%emt 0:00:30]} R8c5 {[%emt 0:01:50]} 55. Ke2 {[%emt 0:00:30]} Kxh5 {[%emt 0:01:09]} 56. Kd3 {[%emt 0:00:30]} 1/2-1/2

[Event "IM Marmaris Karia VI 2019"]
[Site "Marmaris"]
[Date "2019.04.25"]
[Round "8.5"]
[White "Sibashvili, Giorgi"]
[Black "Kizilkus, Akin"]
[Result "1/2-1/2"]
[WhiteElo "2398"]
[BlackElo "2018"]
[Annotator "NA"]
[PlyCount "61"]
[EventDate "2019.04.24"]
[EventType "schev"]
[EventCountry "TUR"]
[SourceTitle "playchess.com"]
[Source "ChessBase"]
[SourceQuality "1"]
[TimeControl "5400+30"]

1. d4 {[%emt 0:07:30]} Nf6 {[%emt 0:00:30]} 2. c4 {[%emt 0:00:30]} g6 {[%emt 0:00:00]} 3. Nc3 {[%emt 0:00:30]} Bg7 {[%emt 0:00:00]} 4. e4 {[%emt 0:00:30]} d6 {[%emt 0:00:00]} 5. Be2 {[%emt 0:00:30]} O-O {[%emt 0:00:00]} 6. Bg5 {[%emt 0:00:30]} Na6 {[%emt 0:00:00]} 7. h4 {[%emt 0:09:30]} e5 {[%emt 0:00:00]} 8. d5 {[%emt 0:00:30]} h6 {[%emt 0:01:30]} 9. Be3 {[%emt 0:04:30]} Nc5 {[%emt 0:00:30]} 10. Qc2 {[%emt 0:02:30]} c6 {[%emt 0:00:30] E73: King's Indian: Averbakh Variation without 6...c5} 11. h5 {[%emt 0:01:30]} cxd5 {[%emt 0:00:30]} 12. cxd5 {[%emt 0:00:30]} Qa5 {[%emt 0:00:00]} 13. Kf1 {[%emt 0:09:30]} Bd7 {[%emt 0:03:00]} 14. hxg6 {[%emt 0:05:30]} fxg6 {[%emt 0:00:30]} 15. Bxh6 {[%emt 0:01:30]} ({Better is} 15. Nf3 $15) 15... Bxh6 {[%emt 0:01:30]} 16. Rxh6 {[%emt 0:00:30]} Kg7 {[%emt 0:00:30]} 17. Rh4 {[%emt 0:05:30] [#]} g5 $146 {[%emt 0:13:30]} ({Predecessor:} 17... b5 18. b4 Qxb4 {1-0 (41) Raetsky,A (2450)-Golubev,M (2545) Luzern 1994}) 18. Rh1 {[%emt 0:02:30]} g4 {[%emt 0:00:30]} 19. f3 {[%emt 0:09:30]} b5 {[%emt 0:05:30]} 20. Qd2 {[%emt 0:03:30]} b4 {[%emt 0:02:30]} 21. Qg5+ {[%emt 0:07:30]} Kf7 {[%emt 0:00:30]} 22. Rh6 {[%emt 0:00:30]} Ke7 {[%emt 0:00:30]} 23. Nd1 {[%emt 0:00:30]} Nb3 {[%emt 0:00:30]} 24. axb3 {[%emt 0:00:30]} Qxa1 {[%emt 0:00:30]} 25. Ke1 {[%emt 0:19:09] [#]} Qb1 $11 {[%emt 0:14:30]} (25... Rac8 $1 $17 26. Bd3 gxf3 27. Nxf3 Qc1 28. Qxc1 Rxc1) 26. Bc4 {[%emt 0:05:37]} Rf7 {[%emt 0:01:30]} 27. Rxf6 {[%emt 0:01:18]} Rxf6 {[%emt 0:00:30]} 28. Qg7+ {[%emt 0:00:01]} Rf7 {[%emt 0:00:30]} 29. Qg5+ {[%emt 0:00:02]} Rf6 {[%emt 0:03:30]} 30. Qg7+ {[%emt 0:00:01]} Rf7 {[%emt 0:00:00]} 31. Qg5+ {[%emt 0:00:23]} 1/2-1/2

[Event "IM Marmaris Karia VI 2019"]
[Site "Marmaris"]
[Date "2019.04.25"]
[Round "9.1"]
[White "Suleymanli, Aydin"]
[Black "Guseynov, Alihan"]
[Result "1-0"]
[WhiteElo "2334"]
[BlackElo "2340"]
[Annotator "TA"]
[PlyCount "65"]
[EventDate "2019.04.24"]
[EventType "schev"]
[EventCountry "TUR"]
[SourceTitle "playchess.com"]
[Source "ChessBase"]
[SourceQuality "1"]

{[%evp 15,65,38,31,31,40,16,36,10,22,0,10,0,0,0,0,-12,-27,-19,0,0,0,0,0,0,8,8,8,7,8,12,17,8,37,49,32,0,0,0,0,0,0,0,0,-108,0,0,43,0,1413,1402,1203,1194]} 1. d4 d5 2. c4 c6 3. Nf3 Nf6 4. Nc3 e6 5. Bg5 h6 6. Bxf6 Qxf6 7. e3 Nd7 8. Bd3 Bd6 9. e4 {D43: Semi-Slav: 5 Bg5 h6} dxe4 10. Nxe4 Bb4+ 11. Ke2 {White is slightly better.} Qd8 $146 ({Predecessor:} 11... Qe7 12. c5 Ba5 13. Nd6+ Kd8 14. Ne5 Rf8 15. Qb3 Nxe5 16. dxe5 Qg5 {1-0 (33) Stocek,J (2547)-Kiselev,A (2149) Heusenstamm 2016}) 12. Qb3 Be7 13. Rhe1 O-O 14. Kf1 c5 15. Rad1 cxd4 16. Nxd4 Nc5 17. Nxc5 Bxc5 18. Nf3 {Bh7+! is the strong threat.} Qc7 19. Bc2 b6 20. Ne5 f6 21. Nf3 Bb7 22. Rxe6 Rad8 23. Be4 Rxd1+ 24. Qxd1 Rd8 25. Qe2 Bc8 26. Bd5 Bxe6 27. Qxe6+ Kh8 28. Nh4 Qxh2 29. Ng6+ Kh7 {And now ...Rxd5 would win.} 30. Qf5 $1 Qh1+ 31. Ke2 {[%mdl 1024] [#] White wants to mate with Nf8+! White has compensation.} Re8+ $2 {[%mdl 8192]} (31... Rxd5 $1 $11 {[%mdl 512]} 32. cxd5 Kg8) 32. Ne7+ $18 Kh8 33. Be4 {Accuracy: White = 66%, Black = 70%.} 1-0

[Event "IM Marmaris Karia VI 2019"]
[Site "Marmaris"]
[Date "2019.04.25"]
[Round "9.2"]
[White "Mammadova, Narmin"]
[Black "Darban, Morteza"]
[Result "1-0"]
[WhiteElo "2292"]
[BlackElo "2307"]
[Annotator "NA"]
[PlyCount "53"]
[EventDate "2019.04.24"]
[EventType "schev"]
[EventCountry "TUR"]
[SourceTitle "playchess.com"]
[Source "ChessBase"]
[SourceQuality "1"]
[TimeControl "5400+30"]

{[%evp 8,37,16,17,40,32767,32767,32767,32767,32767,58,44,49,49,41,53,33,17,114,139,139,107,135,137,200,123,140,120,118,106,110,117]} 1. e4 {[%emt 0:00:30]} c6 {[%emt 0:08:30]} 2. d3 {[%emt 0:00:30]} g6 {[%emt 0:00:30]} 3. g3 {[%emt 0:01:30]} Bg7 {[%emt 0:00:30]} 4. Bg2 {[%emt 0:00:30]} d5 {[%emt 0:00:30]} 5. Nd2 {[%emt 0:00:30]} Nf6 {[%emt 0:01:30]} 6. Ngf3 {[%emt 0:01:30]} O-O {[%emt 0:00:30]} 7. O-O {[%emt 0:00:30]} dxe4 {[%emt 0:00:30]} 8. dxe4 {[%emt 0:00:00]} Nbd7 {[%emt 0:00:30]} 9. Qe2 {[%emt 0:02:00]} a5 {[%emt 0:04:30] A07: Réti Opening: New York and Capablanca Systems} (9... e5 10. Nc4 Qc7 11. Rd1 Ne8 12. a4 Nb6 13. Na5 f6 14. Be3 Be6 15. Nd2 Rf7 16. Nab3 Nd7 17. h4 f5 18. f4 Nef6 19. fxe5 Nxe5 {½-½ (83) Lind,J (2244)-Al Hadarani,H (2285) Lidkoping 2017}) 10. Rd1 {[%emt 0:00:30]} Qc7 {[%emt 0:02:30]} 11. a4 {[%emt 0:23:30]} e5 $146 {[%emt 0:07:30]} ({Predecessor:} 11... Nc5 12. Nc4 Nfd7 13. Bf4 e5 14. Bg5 f6 15. Bc1 b6 16. Nfd2 Ba6 17. b3 {0-1 (30) Lombard,A-Lewi,J Athens 1969}) 12. b3 {[%emt 0:02:30]} Ne8 {[%emt 0:09:30]} (12... b5 $11 {keeps the balance.}) 13. Ba3 {[%emt 0:05:30]} c5 {[%emt 0:00:30]} 14. Nc4 {[%emt 0:00:30]} f6 {[%emt 0:08:30]} 15. Rd3 {[%emt 0:08:30]} b6 {[%emt 0:00:30]} (15... Rf7 $16) 16. Rad1 {[%emt 0:00:30]} (16. Bh3 $18) 16... Rf7 {[%emt 0:01:30]} 17. Bh3 {[%emt 0:08:30]} Nf8 {[%emt 0:03:30]} 18. Bxc8 {[%emt 0:00:30]} Rxc8 {[%emt 0:00:30]} 19. c3 $16 {[%emt 0:06:30]} Rd7 {[%emt 0:04:30]} 20. Rxd7 {[%emt 0:00:30]} Nxd7 {[%emt 0:00:30]} 21. Rxd7 {[%emt 0:00:30]} Qxd7 {[%emt 0:00:30]} 22. Nxb6 {[%emt 0:00:30]} Qe6 {[%emt 0:00:30]} 23. Nxc8 {[%emt 0:00:30]} Qxc8 {[%emt 0:00:30]} 24. Qc4+ {[%emt 0:00:30]} Kh8 {[%emt 0:00:30]} 25. Bxc5 {[%emt 0:00:30]} Qd7 {[%emt 0:00:30]} 26. Kg2 {[%emt 0:00:30]} h6 {[%emt 0:00:30]} 27. Qb5 {[%emt 0:02:30]} 1-0

[Event "IM Marmaris Karia VI 2019"]
[Site "Marmaris"]
[Date "2019.04.25"]
[Round "9.3"]
[White "Atakishiyev, Elmar"]
[Black "Morozov, Nichita"]
[Result "1-0"]
[WhiteElo "2114"]
[BlackElo "2398"]
[Annotator "TA"]
[PlyCount "67"]
[EventDate "2019.04.24"]
[EventType "schev"]
[EventCountry "TUR"]
[SourceTitle "playchess.com"]
[Source "ChessBase"]
[SourceQuality "1"]

{[%evp 14,67,0,-6,33,-18,-9,-45,-11,-24,-11,-31,0,-8,-1,0,0,-9,6,6,6,6,25,2,247,0,216,0,55,0,40,-12,-12,-12,-17,-16,-9,-8,-12,-9,68,76,660,845,839,831,829,789,29991,29992,29996,29997,29997,29998,29998,29999]} 1. d4 Nf6 2. c4 e6 3. Nc3 Bb4 4. e3 O-O 5. Bd3 c5 6. Nge2 cxd4 7. exd4 d5 8. a3 dxc4 {[#] E48: Nimzo-Indian: Rubinstein: 5 Bd3 d5 including 6 Ne2, but excluding 6 a3} (8... Bxc3+ 9. bxc3 dxc4 10. Bxc4 b6 11. O-O Bb7 12. Ba2 Nc6 13. Bg5 Rc8 14. Re1 Na5 15. Qd3 h6 16. Bh4 Be4 17. Qe3 Bf5 18. Ng3 Bg6 19. f3 Nd5 20. Bxd8 Nxe3 21. Bxb6 axb6 22. Rxe3 {½-½ (48) Rakhmanov,A (2667)-Wojtaszek,R (2749) Tallinn 2016}) 9. Bxc4 (9. axb4 cxd3 10. Qxd3 Nc6 $15) (9. Bxh7+ $1 $14 {[%mdl 512]} Nxh7 10. axb4) 9... Bd6 $11 10. O-O b6 $146 {Black is slightly better.} ({Predecessor:} 10... Nc6 11. h3 h6 12. Be3 a6 13. b4 b5 14. Bb3 Bb7 15. Qd3 Re8 16. Rfe1 Ne7 17. Bf4 Ng6 18. Bxd6 Qxd6 19. Qg3 Qxg3 20. Nxg3 {½-½ (33) Peycheva,G (2161)-Matovic,M (2266) Novi Sad 2017}) 11. Ng3 Bb7 12. Be3 Nbd7 13. Qe2 a6 14. Rad1 b5 15. Ba2 Qb8 16. d5 exd5 17. Nxd5 Re8 18. Qd3 Be5 $2 (18... Nxd5 $11 19. Bxd5 Ne5) 19. b4 $2 (19. Nxf6+ $1 $18 Nxf6 20. Bxf7+ $1 {[%mdl 512]} Kxf7 21. Qb3+ Re6 22. f4 Bxf4 23. Bxf4 (23. Rxf4 Qe5 $16) 23... Qa7+ 24. Kh1) 19... g6 $2 {[#]} (19... Nxd5 $11 20. Bxd5 Bxd5 21. Qxd5 Nb6 22. Bxb6 Qxb6) 20. Rfe1 $2 ({Only move:} 20. Nxf6+ $1 $18 Nxf6 21. f4) 20... Kg7 (20... Nxd5 $11 21. Bxd5 Nf6 22. Bxb7 Qxb7) 21. Nxf6 Nxf6 22. Bd4 ({White should play} 22. Qb3 $14 Qc7 23. Bg5) 22... Bxd4 23. Qxd4 Rxe1+ 24. Rxe1 Qc7 25. Rd1 h5 26. Qd2 $1 {Nf5+! is the strong threat.} Ng4 (26... Qe5 $11) 27. h3 $1 $36 {[%mdl 2048] Keeping Black busy.} h4 $2 {[%mdl 8192] [#]} (27... Qc6 $16 28. Nxh5+ gxh5 29. Qg5+ {[%mdl 64] Double Attack} Kf8) 28. Nh5+ $1 $18 {[%mdl 512]} gxh5 29. Qg5+ Kf8 30. hxg4 {Strongly threatening Qh6+.} Qc2 31. Qh6+ {White mates.} ({Less strong is} 31. Rd7 Qxa2 32. gxh5 (32. Rxb7 hxg4 33. Qxh4 Qa1+ 34. Kh2 Re8 $16) (32. Qxh5 Qa1+ 33. Kh2 Qf6 $16) 32... Bxg2 $16) 31... Kg8 {[#]} 32. Bxf7+ $1 {[%mdl 576] Decoy} Kxf7 33. Rd7+ {[%mdl 64] Double Attack} Ke8 34. Qe6+ {Accuracy: White = 34%, Black = 26%.} 1-0

[Event "IM Marmaris Karia VI 2019"]
[Site "Marmaris"]
[Date "2019.04.25"]
[Round "9.4"]
[White "Arda, Cagil Irmak"]
[Black "Sibashvili, Giorgi"]
[Result "1/2-1/2"]
[WhiteElo "2070"]
[BlackElo "2398"]
[Annotator "NA RC"]
[PlyCount "85"]
[EventDate "2019.04.24"]
[EventType "schev"]
[EventCountry "TUR"]
[SourceTitle "playchess.com"]
[Source "ChessBase"]
[SourceQuality "1"]
[TimeControl "5400+30"]

1. e4 {[%emt 0:00:30]} e6 {[%emt 0:24:30]} 2. d4 {[%emt 0:00:00]} d5 {[%emt 0:00:30]} 3. Nd2 {[%emt 0:00:00]} c5 {[%emt 0:00:30]} 4. exd5 {[%emt 0:00:30]} Qxd5 {[%emt 0:00:30]} 5. Ngf3 {[%emt 0:00:30]} cxd4 {[%emt 0:00:30]} 6. Bc4 {[%emt 0:00:30]} Qd8 {[%emt 0:00:30]} 7. O-O {[%emt 0:00:30]} Nc6 {[%emt 0:00:30]} 8. Nb3 {[%emt 0:00:30]} a6 {[%emt 0:00:30] C07: French Tarrasch: 3...c5, 4 Ngf3 and 4 exd5 Qxd5} 9. Nbxd4 {[%emt 0:00:30]} Nxd4 {[%emt 0:00:30]} 10. Nxd4 {[%emt 0:00:30]} Qc7 {[%emt 0:00:30]} 11. Bb3 {[%emt 0:00:30]} Bd6 {[%emt 0:00:30]} 12. Qh5 {[%emt 0:00:00]} Nf6 {[%emt 0:13:30]} 13. Qh4 {[%emt 0:00:00]} Bd7 {[%emt 0:05:30]} 14. Bg5 {[%emt 0:00:00] [#]} h6 $146 {[%emt 0:07:30]} ({Predecessor:} 14... O-O-O 15. Rad1 h6 16. Bxf6 gxf6 {½-½ (24) Navara,D (2737)-Harikrishna,P (2737) Biel 2017}) 15. Bxf6 {[%emt 0:01:00]} gxf6 {[%emt 0:10:30]} 16. Qxf6 {[%emt 0:03:30]} (16. Rad1 $11) 16... Bxh2+ {[%emt 0:00:30]} 17. Kh1 {[%emt 0:00:30]} Qe5 {[%emt 0:07:30]} ({Black should try} 17... Be5 $17 18. Qh4 Bxd4 19. Qxd4 O-O-O) 18. Qh4 {[%emt 0:04:30]} Bf4 {[%emt 0:02:30]} 19. Nf3 {[%emt 0:08:30]} Qf5 $1 {[%emt 0:00:30]} 20. Rad1 {[%emt 0:01:30]} Rg8 {[%emt 0:01:30]} 21. Rd3 $2 {[%emt 0:03:30]} (21. Nd4 $17 Qg5 22. Qxg5 hxg5 23. Kg1) 21... Qg4 $11 {[%emt 0:05:09]} ({Black should try} 21... Bb5 $19 22. g3 Bxd3 23. cxd3 Qxd3) 22. Qxg4 {[%emt 0:00:30]} Rxg4 {[%emt 0:00:03]} 23. g3 {[%emt 0:08:30]} Bc7 {[%emt 0:00:30]} 24. Re1 {[%emt 0:00:30]} Bc6 {[%emt 0:00:30]} 25. Kg1 {[%emt 0:00:30]} Rd8 {[%emt 0:00:30]} 26. Rxd8+ {[%emt 0:00:30]} Kxd8 {[%emt 0:00:30]} 27. Ne5 {[%emt 0:01:30]} Bxe5 {[%emt 0:10:44]} 28. Rxe5 {[%emt 0:00:00]} Rd4 {[%emt 0:02:23]} 29. f4 {[%emt 0:06:00]} Rd2 {[%emt 0:01:11]} 30. Kf1 {[%emt 0:00:30]} Rg2 {[%emt 0:01:48]} 31. Re3 {[%emt 0:00:30]} b5 {[%emt 0:01:48]} 32. Rc3 {[%emt 0:01:30]} Bb7 {[%emt 0:00:12]} 33. a4 {[%emt 0:03:30]} b4 {[%emt 0:00:30]} 34. Rd3+ {[%emt 0:00:30]} Kc7 {[%emt 0:00:30]} 35. a5 {[%emt 0:00:30]} h5 {[%emt 0:01:19]} 36. Ba4 {[%emt 0:03:30]} Kc8 {[%emt 0:00:44]} 37. Bd7+ {[%emt 0:02:30]} Kc7 {[%emt 0:00:34]} 38. Ba4 {[%emt 0:00:30]} Kc8 {[%emt 0:00:09]} 39. Bd7+ {[%emt 0:00:00]} Kb8 {[%emt 0:00:26]} 40. Ba4 {[%emt 0:00:00]} Kc8 {[%emt 0:00:52]} 41. Bd7+ {[%emt 0:00:00]} Kb8 {[%emt 0:00:32]} 42. Ba4 {[%emt 0:00:00]} Kc8 {[%emt 0:00:31]} 43. Bd7+ {[%emt 0:00:00]} 1/2-1/2